| 000 | 00973 a2200229 4500 | ||
|---|---|---|---|
| 003 | Nust | ||
| 005 | 20220726160132.0 | ||
| 010 | _a 2005049280 | ||
| 020 | _a0849337585 (alk. paper) | ||
| 040 | _cNust | ||
| 082 | 0 | 0 | _a004.22,SHI |
| 100 | 1 |
_aShiva, Sajjan G. _995320 |
|
| 245 | 1 | 0 |
_aAdvanced computer architectures / _cSajjan G. Shiva. |
| 260 |
_aBoca Raton : _bCRC Taylor & Francis, _c2006. |
||
| 300 |
_axiv, 335 p. : _bill. ; _c25 cm. |
||
| 505 | _aIntroduction (Page-1), Uni processor Architecture Overview (Page-15), Models and Terminology (Page-49), Pipe lining (Page-73), Vector Processors (Page-123), Array Processors (Page-167), Multiprocessor Systems (Page-221), Current Directions (Page-283). | ||
| 650 | 0 | _aComputer architecture. | |
| 650 | 0 |
_aHigh performance computing. _994234 |
|
| 650 | 0 |
_aParallel computers. _913754 |
|
| 856 | 4 | 2 |
_3Publisher description _uhttp://www.loc.gov/catdir/enhancements/fy0648/2005049280-d.html |
| 942 |
_2ddc _cBK _k004.22,SHI |
||
| 999 |
_c176800 _d176800 |
||